20 Countries Everyone Should Know - Statistics

General Stats
  • This quiz has been taken 220 times
    127 since last reset
  • The average score is 19 of 20
Answer Stats
Hint Country % Correct
Features a maple leaf on its flag Canada
100%
The most populated country in the world India
99%
Largest country in South America by population and area Brazil
97%
Famous for Sumo Wrestling and cherry blossoms Japan
97%
Is lead by Xi Jinping China
96%
Home to the world famous Pyramids of Giza Egypt
96%
Biggest country in the world Russia
96%
Southernmost country in Africa South Africa
96%
The Land Down Under Australia
95%
Mediterranean country shaped like a boot Italy
95%
Has the largest Spanish speaking population in the world Mexico
95%
Also the name of an animal commonly eaten on Thanksgiving Turkey
95%
The second largest country in South America Argentina
94%
Country where you might have a traditional bratwurst Germany
93%
Where the running of the bulls takes place Spain
93%
The Land of the Free United States
93%
Most visited country in the world France
90%
It's empire spanned around a quarter of the earth United Kingdom
90%
Most populous Scandanavian nation Sweden
88%
The Easternmost country in the Middle East Iran
83%
No matching quizzes found
Score Distribution
Percent of People with Each Score
Percentile by Number Answered
Your Score History
You have not taken this quiz since the last reset